| 000 | 00507nam a2200157 i 4500 | ||
|---|---|---|---|
| 001 | bg | ||
| 100 | 1 |
_aJasiński, Andrzej _d(1948- ). |
|
| 245 | 0 |
_aWykresy równowag elektrochemicznych niektórych pierwiastków rzadkich występujących w złożach miedzi / _cA. Jasiński, J. Kowalczyk, M. Żakowicz. |
|
| 260 |
_aWrocław, _c1974. |
||
| 700 | 1 |
_aKowalczyk, Jerzy _c(chemik). |
|
| 700 | 1 | _aŻakowicz, Maria. | |
| 040 | _cBPK | ||
| 041 | _apol | ||
| 942 | _cKS | ||
| 008 | s pl f |000 0 pol | ||
| 999 |
_c15801 _d15801 |
||
| 856 |
_uhttp://koha.tu.koszalin.pl/cgi-bin/koha/opac-detail.pl?biblionumber=15801 _yKatalog online BPK |
||